| 000 | 00429nam a2200121Ia 4500 | ||
|---|---|---|---|
| 008 | 160712s9999 xx 000 0 und d | ||
| 100 | _aCayanan, Arthur S. | ||
| 245 |
_cArthur S. Cayanan _aDeregulation and Its Effects on Telecom Companies’ Financial Performance |
||
| 260 |
_c2016 _bPhilippine Management Review |
||
| 300 | _avol. 23 | ||
| 650 | _xMANAGEMENT | ||
| 856 | _uhttp://journals.upd.edu.ph/index.php/pmr/issue/view/540 | ||
| 999 |
_c296995 _d296995 |
||